| 000 | 01631nam a22004217a 4500 | ||
|---|---|---|---|
| 003 | CHAP | ||
| 005 | 20220817044326.0 | ||
| 008 | 100318s2009 mx r 00010 spa d | ||
| 010 | _a97790 | ||
| 011 | _a98762 | ||
| 035 | _a109447 | ||
| 040 | _cCHAP | ||
| 090 | _aTesis | ||
| 100 | 1 |
_aPérez Hernández, Claudia Dorali. _989730 |
|
| 245 | 1 | 0 |
_aEstudio técnico del área Manantiales de Tula, Méx., para la protección de anfibios en peligro de extinción _c/por Claudia Dorali Pérez Hernández |
| 260 |
_aChapingo, Méx. : _bEl autor, _c2009 |
||
| 300 |
_a69 h. : _bcuadros, gráfs. |
||
| 502 | _aTesis (Ing. en Recursos Naturales Renovables) -- UACH. Departamento de Suelos | ||
| 530 | _aTambién disponible en línea | ||
| 590 |
_aALEPH _b10 _c20130110 _lUCH01 _h1532 |
||
| 590 |
_aBATCH-UPD _b10 _c20130110 _lUCH01 _h1020 |
||
| 590 |
_aBATCH-UPD _b10 _c20130410 _lUCH01 _h0626 |
||
| 590 |
_aBATCH-UPD _b10 _c20130914 _lUCH01 _h0547 |
||
| 590 |
_aBATCH-UPD _b10 _c20140324 _lUCH01 _h1515 |
||
| 590 |
_aBATCH-UPD _b10 _c20141002 _lUCH01 _h0841 |
||
| 590 |
_aCONVERSION _b10 _c20130109 _lUCH01 _h1354 |
||
| 650 | 1 | 4 |
_aÁreas protegidas _zMexico (Edo.). _96878 |
| 650 | 1 | 4 |
_aBatracios. _910813 |
| 650 | 1 | 4 |
_aCuencas hidrológicas. _930092 |
| 650 | 1 | 4 |
_aEcosistema. _935290 |
| 650 | 1 | 4 |
_aManantiales. _970273 |
| 650 | 1 | 4 |
_aRecursos naturales _xConservación. |
| 856 |
_3Finding aid _uhttp://10.13.5.2/tesis/109447.pdf _zTeclea aqui |
||
| 901 | _aBK | ||
| 942 | _cFOLL | ||
| 949 |
_aTesis _bBC _cTES _d33724002160512 _eTS1 _gDonaciØn _h50146 _i109447 _sb |
||
| 949 |
_aTesis _bBC _cTES _d33724002160553 _eTS2 _fc.2 _gDonaciØn _h50147 _i109447 _sb |
||
| 999 |
_c97790 _d97790 |
||